[Event "SRB-ch Semifinal 2021"]
[Site "Paracin"]
[Date "2021.03.20"]
[Round "6.7"]
[White "Popovic, Milan S"]
[Black "Perunovic, Miodrag"]
[Result "1-0"]
[WhiteElo "2327"]
[BlackElo "2428"]
[Annotator "NA"]
[PlyCount "55"]
[EventDate "2021.03.16"]
[EventType "swiss"]
[EventCountry "SRB"]
[SourceTitle "playchess.com"]
[Source "ChessBase"]
[SourceQuality "1"]
[TimeControl "40/5400+30:1800+30"]

1. e4 {[%emt 0:00:00]} c5 {[%emt 0:00:00]} 2. Nf3 {[%emt 0:00:00]} g6 {[%emt 0:00:00]} 3. c3 {[%emt 0:00:00]} Nf6 {[%emt 0:00:23]} 4. e5 {[%emt 0:00:00]} Nd5 {[%emt 0:00:06]} 5. d4 {[%emt 0:00:00]} cxd4 {[%emt 0:00:18]} 6. Qxd4 {[%emt 0:00:02]} e6 {[%emt 0:02:45]} 7. Bc4 {[%emt 0:00:35]} Nc6 {[%emt 0:00:27]} 8. Qe4 {[%emt 0:00:05]} Nb6 {[%emt 0:01:22]} 9. Bb3 {[%emt 0:02:57]} d5 {[%emt 0:00:20]} 10. exd6 {[%emt 0:00:59]} Qxd6 {[%emt 0:04:12]} 11. Bf4 {[%emt 0:01:08]} Qc5 {[%emt 0:09:25]} 12. O-O {[%emt 0:02:20]} Bg7 {[%emt 0:05:49]} 13. Rd1 {[%emt 0:03:02]} e5 {[%emt 0:08:33]} 14. Na3 {[%emt 0:31:01]} O-O {[%emt 0:02:07]} 15. Be3 {[%emt 0:01:43]} Qe7 {[%emt 0:00:02]} 16. Bg5 {[%emt 0:02:10]} Qc5 {[%emt 0:00:34]} 17. Be3 {[%emt 0:01:35]} Qe7 {[%emt 0:00:07]} 18. Bg5 {[%emt 0:02:24]} Qc5 {[%emt 0:02:18]} 19. Qh4 {[%emt 0:03:35]} h5 {[%emt 0:08:52]} 20. Be3 {[%emt 0:06:04]} Qa5 {[%emt 0:11:03]} 21. Rd6 {[%emt 0:03:48]} Bf5 {[%emt 0:00:16]} 22. g4 {[%emt 0:05:20]} Ne7 {[%emt 0:41:26]} 23. Qxe7 {[%emt 0:02:53]} Nc8 {[%emt 0:00:09]} 24. Rd5 {[%emt 0:00:16]} Qxd5 {[%emt 0:00:32]} 25. Qxf8+ {[%emt 0:00:04]} Kxf8 {[%emt 0:00:13]} 26. Bxd5 {[%emt 0:00:03]} hxg4 {[%emt 0:00:08]} 27. Ng5 {[%emt 0:00:45]} Ne7 {[%emt 0:00:07]} 28. Bxf7 {[%emt 0:00:24]} 1-0

[Event "SRB-ch Semifinal 2021"]
[Site "Paracin"]
[Date "2021.03.20"]
[Round "6.8"]
[White "Ivanovic, Marko"]
[Black "Zegarac, Vuk"]
[Result "1/2-1/2"]
[WhiteElo "2274"]
[BlackElo "2386"]
[Annotator "TA"]
[PlyCount "114"]
[EventDate "2021.03.16"]
[EventType "swiss"]
[EventCountry "SRB"]
[SourceTitle "playchess.com"]
[Source "ChessBase"]
[SourceQuality "1"]

{[%evp 18,114,47,51,45,23,37,-6,0,-16,-14,-16,0,-14,-16,-20,0,-16,-8,-22,0,-46,-20,-45,-17,-27,-5,-31,-22,-16,-16,-35,0,0,0,-49,-44,-52,-7,-247,-28,-124,-28,-43,0,-134,43,0,0,0,0,9,5,0,0,0,59,41,60,22,22,22,22,22,22,13,50,58,51,55,50,50,66,65,58,73,123,123,123,123,123,123,123,123,123,52,68,72,83,49,49,49,90,0,0,0,0,0,0]} 1. e4 c6 2. d4 d5 3. Nc3 dxe4 4. Nxe4 Nd7 5. Nf3 Ngf6 6. Ng3 e6 7. Bd3 Bd6 8. O-O O-O 9. Re1 Qc7 10. c3 b6 {B17: Caro-Kann: Modern Line (4...Nd7).} 11. Qe2 Bb7 12. Bg5 h6 {[#]} 13. Be3 $146 ({Predecessor:} 13. Bd2 c5 14. Rad1 Rad8 15. Ne5 Nxe5 16. dxe5 Bxe5 17. Nf1 Bf4 18. Bxf4 Qxf4 19. Bc2 {0-1 (69) Froewis,A (2136)-Schachinger,M (2394) Playchess.com INT 2020}) 13... c5 14. Rad1 Rad8 15. Bb1 Rfe8 16. dxc5 Bxc5 17. Nd4 Qb8 18. Qc2 Nf8 19. b4 Be7 20. a3 Nd5 21. Bd2 Nf4 22. f3 (22. Bxf4 $5 Qxf4 23. Qe2 $11) 22... Bf6 23. Be3 N8g6 24. Nge2 Nd5 25. Bf2 Be5 $36 {[%mdl 2048] Black has some pressure.} 26. Ng3 Ndf4 27. c4 h5 28. Nf1 $2 {[#]} (28. Ne4 $11 {and White has nothing to worry.}) 28... h4 $2 (28... Nxg2 $1 $19 {[%mdl 512]} 29. Kxg2 Bxd4) 29. h3 {[#]} (29. Ne2 $11) 29... Bf6 (29... Nxg2 $1 $17 {[%mdl 512]} 30. Kxg2 Nf4+ 31. Kg1 (31. Kh1 $2 Bxd4 32. Qh7+ Kf8 $19) 31... Nxh3+ 32. Kg2 Nf4+ 33. Kg1 f5) 30. Ne2 Rc8 31. Ne3 {[#]} (31. Nxf4 $11 Qxf4 32. Ne3) 31... Nxe2+ $2 (31... Bxf3 $1 $17 {[%mdl 512]} 32. gxf3 Nxh3+ 33. Kg2 Nxf2 {[%mdl 64] Overworked Piece} 34. Kxf2 Qh2+ 35. Kf1 h3) 32. Rxe2 Qf4 33. Rd7 Re7 34. Red2 Bc6 35. Rxe7 Bxe7 36. Qd1 Bf6 ({Black should try} 36... f5 $11) 37. Bxg6 $14 fxg6 38. Ng4 Qxc4 39. Nxf6+ gxf6 40. Rd4 Qc3 41. Bxh4 g5 42. Be1 Qe3+ ({Don't blunder} 42... Qxa3 $2 43. Rd8+ Rxd8 44. Qxd8+ Kh7 45. Qc7+ (45. Qxf6 Qe3+ {[%mdl 64] Double Attack} 46. Kh2 Qxe1 $11) 45... Kg6 46. Qxc6 $18) 43. Bf2 Qc3 ({Don't go for} 43... Qxa3 $2 44. Rd8+ Rxd8 45. Qxd8+ Kh7 46. Qc7+ Kg6 47. Qxc6 $18) 44. f4 Bd5 45. fxg5 Qc1 $1 46. gxf6 Qxd1+ 47. Rxd1 {[%mdl 4096] Endgame KRB-KRB} Kf7 48. Bd4 Rc2 49. g4 Rg2+ 50. Kf1 Rh2 {[#]} 51. g5 (51. Rd3 $1 $16 {[%cal Rd3c3]} Bg2+ 52. Ke1 Rxh3 53. Rxh3 Bxh3 54. g5) 51... Bc4+ 52. Kg1 Rxh3 53. Be5 {And now Rd7+ would win.} Bd5 {Hoping for ...Rh1+.} 54. Rd4 {g6+! is the strong threat.} Kg6 55. Bf4 (55. Kf2 $16) 55... Rxa3 $11 {The position is equal.} 56. Kf2 Rc3 57. Be3 Rc4 {Weighted Error Value: White=0.30/Black=0.24} 1/2-1/2

[Event "SRB-ch Semifinal 2021"]
[Site "Paracin"]
[Date "2021.03.20"]
[Round "6.9"]
[White "Drazic, Sinisa"]
[Black "Ciric, Pavle"]
[Result "1-0"]
[WhiteElo "2334"]
[BlackElo "1986"]
[Annotator "TA"]
[PlyCount "129"]
[EventDate "2021.03.16"]
[EventType "swiss"]
[EventCountry "SRB"]
[SourceTitle "playchess.com"]
[Source "ChessBase"]
[SourceQuality "1"]

{[%evp 11,129,-2,-7,-34,-36,-47,-51,-43,-46,-56,18,16,13,7,0,-29,-19,-18,-13,-97,-90,-88,-47,-60,-10,-38,-65,-53,-39,-40,-19,-54,0,15,10,0,0,0,37,9,9,9,12,12,16,13,24,0,0,0,0,0,0,0,0,0,0,0,0,0,0,0,35,35,37,35,69,69,69,69,69,69,69,15,15,15,69,15,15,15,15,15,15,15,15,15,15,15,1082,0,15,15,15,0,47,47,1212,946,780,576,1608,1541,29975,29978,29978,29966,29972,29973,29974,29975,29982,12837,29983,29984,29984,29985,29985,29986,29986,29987]} 1. c4 e6 2. e4 d5 3. exd5 exd5 4. d4 Bb4+ 5. Nc3 Nf6 6. Nf3 O-O 7. h3 {C01: French: Exchange Variation.} Ne4 8. Bd2 {Threatening Nxe4.} Re8 9. Be2 {Black is slightly better.} Bxc3 10. bxc3 {[#]} Qe7 $146 (10... dxc4 $1 $15 11. O-O Be6) ({Predecessor:} 10... dxc4 11. O-O b5 12. a4 c6 13. Re1 Bf5 14. Qc1 Nxd2 15. Qxd2 Nd7 16. Qf4 Qf6 {1-0 (38) Hedke,F (2325)-Schneider,T Lienz 1988}) 11. cxd5 $11 Bf5 12. Rc1 Nd7 13. Kf1 (13. c4 {with more complications.} c6 14. dxc6 bxc6 15. c5 a5 16. a3) 13... Ndf6 14. g4 Bg6 15. Bc4 (15. Ne5 $11) 15... Nxd2+ $17 16. Nxd2 Be4 (16... Qd6 {keeps more tension.} 17. Rg1 Nxd5 18. Nf3 Qc6 19. Bxd5 Qxd5 20. c4 Qd6) 17. Rg1 Nxd5 {White should prevent ...Qh4.} (17... Bxd5 {is interesting.} 18. Rg3 c5 19. Bd3 Bc6 20. g5 Nd5) 18. Bxd5 Bxd5 19. c4 Be4 20. Rg3 {Threatens to win with Re3.} Qf6 (20... Bg6 {seems wilder.} 21. Kg1 Qf6 22. d5 c6 23. Rf3 Qd6) 21. d5 c6 (21... Bg6 $1 $15) 22. Nxe4 $11 Rxe4 23. Rf3 Qe5 24. Kg2 cxd5 25. cxd5 {With the idea Qb3.} Rd4 26. Qb3 Qxd5 27. Rc7 {Hoping for Qxd5.} Rf8 28. Rxb7 Qxb3 $1 29. axb3 {[%mdl 4096] Endgame KRR-KRR} (29. Rfxb3 {is more complex.} Ra4 30. a3 f5 31. g5 Rf7 32. Rb8+) 29... a5 30. Rc3 h6 31. Kg3 Rfd8 32. Rcc7 Rf8 33. Rc3 Rfd8 34. f3 R8d7 35. Rc8+ (35. Rb8+ {seems wilder.} Rd8 36. Rb6 g6 37. h4 Kg7 38. Rc5) 35... Kh7 36. Rbb8 (36. Rb5 {feels hotter.} R4d5 37. Rcb8 Kg6 38. R8b7 Rxb7 39. Rxd5 Rxb3 40. Rxa5 Kh7 41. h4) 36... a4 37. bxa4 Rxa4 38. h4 Kg6 39. h5+ $1 Kf6 40. Rb6+ Ke5 $1 41. Rg8 f6 42. Rb2 ({White should try} 42. Re8+ $14 Kd5 43. Rb5+ Kc4 44. Rb1) 42... Ke6 43. Re2+ Kd5 (43... Kf7 $11 44. Ree8 Re7 45. Rgf8+ Ke6) 44. Rd2+ ({White should play} 44. Rge8 $14) 44... Rd4 45. Rxd4+ (45. Ra2 {looks sharper.} Ke6 46. Re8+ Kf7 47. Raa8 R4d5 48. Rg8) 45... Kxd4 {KR-KR} 46. Re8 Kd3 47. Re4 Rc7 48. Re1 Rb7 49. Kf4 {And now Kf5 would win.} Rb4+ $2 {[%mdl 8192]} (49... Rb5 $11) 50. Kg3 $2 ({Only move:} 50. Kf5 $18 {Re7 is the strong threat.} Rb7 51. Re4) 50... Rb7 51. Re6 Rd7 52. Re4 Rc7 53. Kf4 {Strongly threatening Kf5.} Rb7 $2 {[%mdl 8192] [#]} (53... Rc5 $14) 54. Kf5 $1 $18 {[%cal Rf5g6]} Rb5+ {[#]} 55. Kg6 $1 Rg5+ 56. Kh7 f5 57. Re5 f4 58. Re7 Kd2 59. Re4 Kd3 60. Rxf4 Ke3 61. Rf7 (61. Rf5 $142 Ke2 62. Rxg5 hxg5 63. Kxg7 Kxf3 64. h6 Kxg4 65. h7 Kg3 66. h8=Q) 61... Kf2 62. Rf5 {White mates.} Kg3 63. Rxg5 hxg5 64. Kxg7 Kxf3 65. h6 {Weighted Error Value: White=0.26/Black=0.36} 1-0

[Event "SRB-ch Semifinal 2021"]
[Site "Paracin"]
[Date "2021.03.20"]
[Round "6.10"]
[White "Rasic, Milovan"]
[Black "Abramovic, Bosko"]
[Result "0-1"]
[WhiteElo "1606"]
[BlackElo "2330"]
[Annotator "NA"]
[PlyCount "60"]
[EventDate "2021.03.16"]
[EventType "swiss"]
[EventCountry "SRB"]
[SourceTitle "playchess.com"]
[Source "ChessBase"]
[SourceQuality "1"]
[TimeControl "40/5400+30:1800+30"]

1. c4 {[%emt 0:00:26]} e6 {[%emt 0:00:24]} 2. Nc3 {[%emt 0:02:42]} d5 {[%emt 0:00:24]} 3. e3 {[%emt 0:01:17]} Nf6 {[%emt 0:00:20]} 4. cxd5 {[%emt 0:03:34]} exd5 {[%emt 0:00:10]} 5. d4 {[%emt 0:00:42]} c6 {[%emt 0:00:42]} 6. a3 {[%emt 0:03:48]} Bf5 {[%emt 0:00:52]} 7. Bd3 {[%emt 0:01:53]} Bxd3 {[%emt 0:00:30]} 8. Qxd3 {[%emt 0:00:43]} Nbd7 {[%emt 0:00:14]} 9. Nf3 {[%emt 0:00:44]} Bd6 {[%emt 0:00:11]} 10. b3 {[%emt 0:03:24]} O-O {[%emt 0:00:20]} 11. O-O {[%emt 0:00:14]} Re8 {[%emt 0:00:36]} 12. Bb2 {[%emt 0:00:36]} Ne4 {[%emt 0:02:04]} 13. Nd2 {[%emt 0:04:21]} f5 {[%emt 0:00:23]} 14. f4 {[%emt 0:04:28]} Nxd2 {[%emt 0:03:35]} 15. Qxd2 {[%emt 0:01:54]} Re6 {[%emt 0:00:18]} 16. Rae1 {[%emt 0:00:53]} Qe7 {[%emt 0:00:30]} 17. Qc1 {[%emt 0:02:53]} Re8 {[%emt 0:00:09]} 18. Rf3 {[%emt 0:02:01]} Nf6 {[%emt 0:01:43]} 19. h3 {[%emt 0:02:52]} Nh5 {[%emt 0:03:10]} 20. g3 {[%emt 0:15:14]} g5 {[%emt 0:06:20]} 21. Nd1 {[%emt 0:14:37]} gxf4 {[%emt 0:00:47]} 22. gxf4 {[%emt 0:01:55]} Rg6+ {[%emt 0:00:59]} 23. Kf2 {[%emt 0:02:32]} Nxf4 {[%emt 0:01:14]} 24. Rxf4 {[%emt 0:03:46]} Bxf4 {[%emt 0:00:12]} 25. Ke2 {[%emt 0:02:19]} Rg3 {[%emt 0:02:48]} 26. Kd3 {[%emt 0:02:59]} Qe4+ {[%emt 0:00:31]} 27. Kc3 {[%emt 0:00:32]} Bxe3 {[%emt 0:00:14]} 28. Nxe3 {[%emt 0:01:15]} Rxe3+ {[%emt 0:00:10]} 29. Rxe3 {[%emt 0:00:14]} Qxe3+ {[%emt 0:00:07]} 30. Qxe3 {[%emt 0:01:18]} Rxe3+ {[%emt 0:00:12]} 0-1

[Event "SRB-ch Semifinal 2021"]
[Site "Paracin"]
[Date "2021.03.20"]
[Round "7.2"]
[White "Ratkovic, Miloje"]
[Black "Milosevic, Milos"]
[Result "1-0"]
[WhiteElo "2497"]
[BlackElo "2315"]
[Annotator "TA"]
[PlyCount "95"]
[EventDate "2021.03.16"]
[EventType "swiss"]
[EventCountry "SRB"]
[SourceTitle "playchess.com"]
[Source "ChessBase"]
[SourceQuality "1"]

{[%evp 11,95,10,12,12,8,25,55,24,36,0,0,0,10,0,8,13,9,3,22,0,20,28,28,-4,-6,-5,0,-54,-12,-13,-15,-25,-29,-46,-38,-83,-85,-85,-56,-56,-63,-56,-44,-56,-33,-26,-25,-25,-32,-27,-4,-43,0,-16,0,0,95,79,80,73,96,88,151,152,263,268,310,324,714,701,622,330,322,318,318,211,316,322,1183,1183,998,1043,964,962,29981,29982]} 1. d4 Nf6 2. Nf3 g6 3. Bg5 Bg7 4. Nbd2 d5 5. e3 O-O 6. c3 Bf5 7. h3 {D03: 1 d4 d5 2 Nf3 Nf6 3 Bg5, including Torre Attack with early ...d5.} h6 {[#]} 8. Bf4 $146 ({Predecessor:} 8. Bh4 Nc6 9. Be2 Re8 10. Ne5 Nxe5 11. dxe5 Ne4 12. f4 c6 13. g4 g5 14. gxf5 gxh4 15. Nxe4 dxe4 {1-0 (25) Kukuljan,V (1919)-Vragovic,V Bjelolasica 2007}) 8... g5 9. Bg3 {White is slightly better.} Nbd7 10. h4 g4 11. Ne5 c5 12. Bd3 Bxd3 13. Nxd3 Qb6 14. Rb1 Rac8 15. O-O c4 16. Ne5 Qe6 17. b3 cxb3 18. Rxb3 b6 19. Nxd7 (19. Re1 $11) 19... Nxd7 20. a4 Rc6 21. Qe2 Rfc8 22. Qd3 Qg6 23. Qb5 {[#]} Qc2 $1 {[%cal Rc2d2]} 24. Nb1 ({Wrong is} 24. Qxd5 $2 Nf6 $19) 24... Nf6 25. Be5 a6 26. Qb4 Bf8 27. Rb2 Qd3 28. Qb3 Qf5 29. Bxf6 Rxf6 30. g3 Rfc6 31. Re1 Rf6 32. Rbe2 h5 33. Nd2 {[%cal Bb1d2,Bd2e4,Be4g5][%mdl 32]} Qe6 (33... Rfc6 $11) 34. e4 $16 dxe4 {aiming for ...Qxb3.} 35. d5 Qe5 {...Rxf2! is the strong threat.} 36. Nxe4 Rf5 (36... Rh6 $142) 37. Rd1 ({Stronger than} 37. Qxb6 Qxd5 38. Qxa6 Ra8 $11) 37... Qc7 (37... e6 $16) 38. Qb1 $18 Rd8 39. Ng5 Qc8 {[#]} (39... Rxg5 40. hxg5 Rd6) 40. Re5 $1 {[%mdl 512]} e6 (40... Rxg5 41. Rxg5+) 41. Rxf5 exf5 42. Qxb6 {And now Qf6 would win.} Rd6 43. Qb1 $40 {[%mdl 128] White wants a kill.} Be7 (43... Rf6 {was necessary.} 44. Qd3 Bc5) 44. c4 {[%mdl 64] Deflection} Qxc4 $2 (44... Rf6 45. Qb2 Rg6) 45. Qxf5 Bxg5 46. Qxg5+ {[%mdl 64] Double Attack} ({Not} 46. hxg5 Qb3 $18) 46... Rg6 47. Qe5 Qxa4 48. Rb1 {Weighted Error Value: White=0.20/Black=0.39} 1-0

[Event "SRB-ch Semifinal 2021"]
[Site "Paracin"]
[Date "2021.03.20"]
[Round "7.3"]
[White "Sredojevic, Ivan"]
[Black "Sedlak, Nikola"]
[Result "1/2-1/2"]
[WhiteElo "2288"]
[BlackElo "2514"]
[Annotator "TA"]
[PlyCount "88"]
[EventDate "2021.03.16"]
[EventType "swiss"]
[EventCountry "SRB"]
[SourceTitle "playchess.com"]
[Source "ChessBase"]
[SourceQuality "1"]

{[%evp 18,88,50,36,48,38,65,19,52,42,67,72,73,45,42,33,28,34,47,32,31,19,77,78,98,113,122,33,70,0,0,0,0,0,7,-39,94,-247,-136,-272,-44,-203,-138,-175,-184,-201,-139,-179,-119,-118,-40,-228,-239,-246,-216,-216,-207,-245,-216,-228,-67,-61,0,0,0,0,0,19,37,35,35,0,47]} 1. e4 c5 2. c3 e6 3. d4 d5 4. exd5 exd5 5. Nf3 Nc6 6. Be3 c4 7. b3 cxb3 8. axb3 Bd6 9. Bd3 {9.g3 is vanishing.} Nge7 10. O-O h6 {B22: Sicilian: 2 c3.} 11. Re1 {[#]} Be6 $146 ({Predecessor:} 11... O-O 12. Nbd2 a6 13. Qc2 Bg4 14. h3 Be6 15. Nh4 Rc8 16. f4 f6 17. Ndf3 Qd7 18. Re2 {0-1 (29) Staniforth,M (1897)-House,G (2211) Penarth 2013}) 12. Qd2 Bg4 13. Ne5 Nxe5 14. dxe5 Bxe5 15. h3 Be6 {[#]} 16. Bxh6 $1 Bf6 (16... Rxh6 17. Rxe5) 17. Bg5 Nc6 18. Bxf6 Qxf6 19. Ra4 O-O-O (19... O-O $11 {remains equal.}) 20. Bb5 $16 Ne5 21. Qe3 {aiming for Qc5+.} (21. Rxa7 $2 Nf3+ 22. gxf3 Qg6+ 23. Kf1 Bxh3+ 24. Ke2 Rhe8+ $1 {[%mdl 512]} 25. Bxe8 Rxe8+ 26. Qe3 Rxe3+ 27. fxe3 Qg2+ 28. Kd1 Qxf3+ 29. Kc1 Qf2 $19) 21... a6 22. Bf1 (22. Qxe5 $16 Qxe5 23. Rxe5 axb5 24. Rb4) 22... Bd7 23. Rf4 (23. Qxe5 $14 Qxe5 24. Rxe5 Bxa4 25. bxa4) 23... Qg6 $11 24. Qc5+ (24. Qxe5 $2 Rhe8 $19) 24... Nc6 {Strongly threatening ...Bxh3.} 25. h4 (25. Qxd5 Rxh3 26. Rxf7 Rh5 $19) 25... Rhe8 26. Rd1 Kb8 (26... Re4 $15 {keeps the upper hand.} 27. Rxe4 Qxe4) 27. Bd3 $2 {[%mdl 8192]} (27. Na3 $1 $16) 27... Qh5 (27... Qh6 $1 $19 {[%cal Rh6f4]} 28. g3 (28. Rxf7 $2 Qh5 $19) 28... g5 29. hxg5 (29. Rxf7 $2 Qh5 $19 {[%mdl 64] Double Attack}) 29... Qh5 30. Qd6+ Ka8) 28. f3 (28. Rf1 $17 {keeps fighting.}) 28... g5 $2 (28... Qh6 $1 $19 {[%cal Rh6f4]} 29. Rxf7 Ne5) 29. hxg5 $2 ({Avoid the trap} 29. Qxd5 $2 Be6 $19) ({White should play} 29. Ra4 $1 $15 Na7 30. Rb4) 29... Qxg5 30. Qd6+ Ka8 31. Qf6 Qg3 32. Qh4 Qg8 (32... Qg7 $19 33. Qf6 Qf8) 33. Rf6 Be6 (33... Re6 $17 34. Rf4 Qf8) 34. Nd2 $2 {[#]} (34. Qh6 $1 $15) 34... Qf8 $1 $19 35. b4 d4 36. c4 Qxb4 37. Be4 d3 38. Qf2 {[#]} Qc3 $2 ({Better is} 38... Na5 $1 $19 {...Qc3 is the strong threat.} 39. Rb1 Qc3) 39. Bxc6 $15 Qxf6 ({Black should try} 39... bxc6 $15 40. Qb6 Qd4+ 41. Qxd4 Rxd4) 40. Qb6 $1 $11 {[%csl Gc6][%cal Rb6b7]} Qe7 ({Not} 40... bxc6 41. Qxa6+ Kb8 42. Qb6+ Ka8 43. Qxc6+ Ka7 44. Qa4+ Kb7 45. Rb1+ Qb2 46. Rxb2+) 41. Ra1 {Intending Rxa6+ and mate.} Kb8 {And now ...Rd6 would win.} 42. Rxa6 {Qa7+ would kill now.} Bc8 $1 43. Qa7+ {[%mdl 1024] White has compensation.} Kc7 {White must now prevent ...Qe3+.} 44. Qb6+ Kb8 {And White is the lucky defender.  Weighted Error Value: White=0.44/Black=0.39} 1/2-1/2

[Event "SRB-ch Semifinal 2021"]
[Site "Paracin"]
[Date "2021.03.20"]
[Round "7.4"]
[White "Ratkovic, Milovan"]
[Black "Stankovic, Milos"]
[Result "0-1"]
[WhiteElo "2462"]
[BlackElo "2414"]
[Annotator "TA"]
[PlyCount "98"]
[EventDate "2021.03.16"]
[EventType "swiss"]
[EventCountry "SRB"]
[SourceTitle "playchess.com"]
[Source "ChessBase"]
[SourceQuality "1"]

{[%evp 9,98,-9,5,-18,-8,-16,-10,-20,-14,-50,-43,-49,-39,-50,-39,-52,-49,-29,0,0,6,-58,-70,-62,-60,-102,-70,-220,-204,-214,-219,-198,-110,-127,-78,-193,-205,-218,-201,-181,-193,-188,-156,-130,-101,-298,-307,-310,-308,-380,-381,-366,-372,-371,-212,-239,-239,-328,-303,-488,-489,-528,-524,-505,-336,-345,-253,-274,-244,-257,-238,-343,-210,-290,-283,-325,-354,-533,-477,-691,-684,-736,-701,-29978,-29979,-29994,-29978,-29966,-959,-5306,-1904]} 1. d4 d5 2. Bg5 h6 3. Bh4 c6 4. e3 Qb6 5. Nd2 Bf5 6. Rb1 {D00: 1 d4 d5: Unusual lines.} Nd7 7. Ngf3 Ngf6 8. Bd3 {The position is equal.} Ne4 9. Bxe4 dxe4 {[#]} 10. Ng1 $146 ({Predecessor:} 10. Nc4 Qa6 11. Nfe5 Nxe5 12. Nxe5 h5 13. Qe2 Qxe2+ 14. Kxe2 f6 15. Nc4 Kd7 16. h3 {0-1 (50) Basso,L (1792)-Jiles,D (1876) Wales 2008}) 10... g5 11. Bg3 Bg7 12. Ne2 O-O $36 {[%mdl 2048] Black has the initiative.} 13. b4 Rad8 14. h4 Bg6 15. h5 (15. hxg5 $11 hxg5 16. c3) 15... Bh7 $15 16. c4 e5 17. Qb3 exd4 18. exd4 (18. c5 $15 Qa6 19. Nxd4) 18... e3 $1 $19 {[%cal Re3d2]} ({Less strong is} 18... Bxd4 19. c5 $15) 19. fxe3 Bxb1 20. Qxb1 {[#]} Rfe8 (20... a5 $1 $19 21. Bd6 Rfe8) 21. c5 $17 Qa6 22. Ne4 (22. Qb3 $17) 22... Qa3 23. Bf2 {[#]} Rxe4 $1 {[%mdl 512]} 24. Qxe4 Qxb4+ ({Resist} 24... Qxa2 25. Qd3 $17) 25. Kf1 Qc4 26. Rh3 Qxa2 27. Rf3 $2 (27. Qe7 $17 Qb1+ 28. Be1) 27... Nf6 $19 28. Qd3 Ng4 ({Don't do} 28... Nxh5 29. Kg1 $19) 29. Rf5 Re8 {White must now prevent ...Qa1+.} 30. e4 a5 31. Be1 Rd8 (31... a4 $142 {Threatens to win with ...Qa1.} 32. Kg1 Qb3) 32. Qg3 Nf6 {[%mdl 64] Double Attack} 33. Qc7 Re8 34. e5 (34. Qxa5 Qb1 35. Re5 Rxe5 36. dxe5 Nxe4 37. Qb4 Qxb4 38. Bxb4) 34... Ng4 {Strongly threatening ...Ne3+.} 35. Kg1 Rf8 36. Nc3 Qa1 37. Rf1 Ne3 {And now ...Qb2 would win.} 38. Qxb7 Nxf1 39. Kxf1 Rd8 40. Ne2 (40. Qxc6 $142 a4 41. g3) 40... Qa4 41. Qa6 f6 42. e6 {Hoping for Qa7.} Re8 43. Bc3 (43. d5 $142 cxd5 44. c6) 43... Rxe6 44. Kf2 (44. Qd3 $142) 44... Qa2 45. Bxa5 f5 46. Qc8+ Kh7 47. Bd2 {[#]} Bxd4+ $1 {[%mdl 512]} 48. Kf1 Qc4 (48... Bg7 $142 49. Qd7 Qc4 {[%mdl 64] Double Attack} 50. Qxe6 Qxe6 51. Bc3 Bxc3 52. Nxc3 Qe3 53. Ne2 Kg7 54. Ke1 Qxc5 55. Kd2 Qf2 56. Kd3 Qxg2 57. Nd4 Qe4+ 58. Kc4 g4 59. Kc5 Qd5+ 60. Kb6 Qxd4+ 61. Kb7 g3 62. Kc7 g2 63. Kc8 g1=Q 64. Kc7 Qa7+ 65. Kd8 Qgb6+ 66. Ke8 Qf7#) 49. Qd7+ Bg7 {Weighted Error Value: White=0.83/Black=0.39} 0-1

[Event "SRB-ch Semifinal 2021"]
[Site "Paracin"]
[Date "2021.03.20"]
[Round "7.5"]
[White "Radovanovic, Nikola"]
[Black "Popovic, Milan S"]
[Result "1/2-1/2"]
[WhiteElo "2391"]
[BlackElo "2327"]
[Annotator "RC"]
[PlyCount "102"]
[EventDate "2021.03.16"]
[EventType "swiss"]
[EventCountry "SRB"]
[SourceTitle "playchess.com"]
[Source "ChessBase"]
[SourceQuality "1"]
[TimeControl "40/5400+30:1800+30"]

1. e4 c6 {[%emt 0:00:00]} 2. d4 {[%emt 0:07:15]} d5 {[%emt 0:00:00]} 3. Nd2 {[%emt 0:00:26]} dxe4 {[%emt 0:00:00]} 4. Nxe4 {[%emt 0:00:04]} Nf6 {[%emt 0:00:00]} 5. Nxf6+ {[%emt 0:00:21]} exf6 {[%emt 0:00:00]} 6. c3 {[%emt 0:00:07]} Bd6 {[%emt 0:00:00]} 7. Bd3 {[%emt 0:00:06]} Na6 {[%emt 0:00:00]} 8. Ne2 {[%emt 0:02:28]} Kf8 {[%emt 0:11:18]} 9. Be3 {[%emt 0:08:16]} h5 {[%emt 0:01:30]} 10. Qd2 {[%emt 0:02:23]} g6 {[%emt 0:02:44]} 11. O-O {[%emt 0:03:52]} Nc7 {[%emt 0:09:18]} 12. c4 {[%emt 0:10:14]} Kg7 {[%emt 0:04:53]} 13. f4 {[%emt 0:09:02]} f5 {[%emt 0:04:43]} 14. Nc3 {[%emt 0:02:58]} b6 {[%emt 0:20:41]} 15. Be2 {[%emt 0:05:43]} Bb7 {[%emt 0:01:09]} 16. Bf3 {[%emt 0:00:25]} Rb8 {[%emt 0:05:15]} 17. Rad1 {[%emt 0:01:46]} Ne8 {[%emt 0:10:10]} 18. d5 {[%emt 0:08:47]} c5 19. Nb5 {[%emt 0:00:54]} a6 {[%emt 0:06:06]} 20. Nxd6 {[%emt 0:00:23]} Nxd6 {[%emt 0:00:04]} 21. b4 {[%emt 0:05:49]} Qc7 {[%emt 0:01:04]} 22. bxc5 {[%emt 0:04:29]} bxc5 {[%emt 0:00:05]} 23. Qc3+ {[%emt 0:01:13]} Kh7 {[%emt 0:03:15]} 24. Bc1 {[%emt 0:04:55]} a5 {[%emt 0:00:05]} 25. Bb2 {[%emt 0:04:45]} Rhg8 {[%emt 0:00:04]} 26. Rfe1 {[%emt 0:02:30]} Ba6 {[%emt 0:00:09]} 27. Ba1 {[%emt 0:00:16]} Qd8 {[%emt 0:06:25]} 28. Be2 {[%emt 0:01:50]} Rb7 {[%emt 0:02:49]} 29. Bd3 {[%emt 0:03:20]} a4 {[%emt 0:03:17]} 30. Rb1 {[%emt 0:02:56]} Rd7 {[%emt 0:01:35]} 31. Re3 {[%emt 0:01:48]} Qh4 {[%emt 0:04:22]} 32. Rf1 {[%emt 0:04:13]} Qd8 {[%emt 0:00:36]} 33. Rfe1 {[%emt 0:02:07]} Rb7 {[%emt 0:02:00]} 34. Rh3 {[%emt 0:00:29]} Re7 {[%emt 0:00:28]} 35. Rhe3 {[%emt 0:00:18]} Rb7 {[%emt 0:00:56]} 36. Rh3 {[%emt 0:00:36]} Re7 {[%emt 0:00:05]} 37. Re5 {[%emt 0:00:41]} Rb7 {[%emt 0:01:52]} 38. Re1 Rb4 {[%emt 0:00:40]} 39. a3 {[%emt 0:01:13]} Rb3 {[%emt 0:00:09]} 40. Qc1 {[%emt 0:00:00]} Re8 {[%emt 0:00:00]} 41. Rxe8 {[%emt 0:13:08]} Qxe8 {[%emt 0:02:53]} 42. Re3 {[%emt 0:03:09]} Qf8 43. Bc2 {[%emt 0:01:31]} Rb7 {[%emt 0:10:02]} 44. Bxa4 Bxc4 {[%emt 0:03:43]} 45. Bc6 {[%emt 0:02:37]} Rb6 {[%emt 0:00:42]} 46. Re1 {[%emt 0:02:23]} f6 {[%emt 0:02:25]} 47. Qc3 {[%emt 0:05:46]} Kg7 {[%emt 0:00:36]} 48. Qa5 {[%emt 0:03:16]} Qb8 {[%emt 0:00:15]} 49. Qc3 {[%emt 0:01:14]} Qf8 {[%emt 0:00:14]} 50. Qa5 {[%emt 0:00:27]} Qb8 {[%emt 0:00:04]} 51. Qc3 {[%emt 0:00:44]} Qf8 {[%emt 0:00:03]} 1/2-1/2